| 000 | 00645nam a2200205Ia 4500 | ||
|---|---|---|---|
| 008 | 191130s1994##################000#0#eng## | ||
| 020 | _a0521442648 | ||
| 022 | _a93047234 | ||
| 040 |
_aACL _cACL |
||
| 082 | _aH61 .H665 1994 300/.1 | ||
| 100 | _aHollis, Martin | ||
| 245 |
_aThe philosophy of social science : an introduction _cMartin Hollis |
||
| 260 |
_aCambridge _bCambridge University Press _c1994 |
||
| 300 | _ax, 268 p. ; 22 cm | ||
| 500 | _aIncludes bibliographical references (p. 261-265) and index | ||
| 650 | _aSocial sciences - Philosophy | ||
| 990 | _ac9539817ac10000c1b3851c5aad1fd9c | ||
| 991 | _a233739 | ||
| 999 |
_c398874 _d398874 |
||